| 000 | 01230cam a2200373 i 4500 | ||
|---|---|---|---|
| 001 | a4832 | ||
| 003 | DO-SdBPM | ||
| 005 | 20250218085458.0 | ||
| 007 | a4832 | ||
| 008 | 100929s2012 sp a | |||| 001 0 spa | ||
| 015 | _a | ||
| 017 | _b | ||
| 020 | _a9789505579204 | ||
| 035 | _a | ||
| 040 |
_aDO-SdBPM _bspa _cBPMSU _e |
||
| 082 | 4 |
_a304.663 _bF297m 2012 _222 |
|
| 100 | 1 |
_aFeierstein, Daniel _d1967- |
|
| 245 | 1 | 0 |
_aMemorias y representaciones sobre la elaboración del genocidio / _c Daniel Feierstein _h _b |
| 260 |
_aBuenos Aires, Argentina : _bFondo de Cultura Económica, _c 2012 |
||
| 300 |
_a209 p. ; _c24 cm _b |
||
| 490 | 0 | _aSección de obras de sociología | |
| 500 | _aIncluye índice | ||
| 500 | _aIncluye bibliografía y notas al pie de las páginas | ||
| 504 | _aBibliografía : p. 189-206 | ||
| 590 | _aInventariado, 2025/VM | ||
| 650 | 4 |
_a GENOCIDIO _2 _xASPECTOS PSICOLÓGICOS |
|
| 650 | 4 |
_aGenocidio _zArgentina _x |
|
| 650 | 4 |
_aGenocidio _xEstudios comparados _xAspectos sociales |
|
| 650 | 4 | _aHolocausto judío (1939-1945) | |
| 650 | 4 | _aIDENTIDAD | |
| 710 | 1 |
_aArgentina. _bFondo de Cultura Económica |
|
| 910 | _aVMateo V. Control de calidad BPMSU | ||
| 942 |
_2ddc _cBK |
||
| 999 |
_c14937 _d14937 |
||